Random Brazilian States on a Map - Statistics

General Stats
  • This quiz has been taken 913 times
  • The average score is 8 of 10
Answers on the Map
Answers color-coded by a green-red scale on the quiz's map according to % correct below.
 
Answer Stats
State % Correct
Amazonas
97%
Rio de Janeiro
97%
São Paulo
96%
Pará
94%
Rio Grande do Sul
93%
Acre
91%
Goiás
90%
Minas Gerais
90%
Espírito Santo
89%
Amapá
88%
Mato Grosso do Sul
88%
Mato Grosso
87%
Santa Catarina
86%
Paraná
85%
Bahia
84%
Rondônia
83%
Alagoas
79%
Maranhão
79%
Roraima
79%
Sergipe
78%
Tocantins
78%
Pernambuco
77%
Ceará
76%
Piauí
76%
Rio Grande do Norte
74%
Paraíba
73%
Distrito Federal
72%
No matching quizzes found
Score Distribution
Percent of People with Each Score
Percentile by Number Answered
Your Score History
You have not taken this quiz